<?xml version="1.0" encoding="UTF-8"?>
<record
    xmlns:xsi="http://www.w3.org/2001/XMLSchema-instance"
    xsi:schemaLocation="http://www.loc.gov/MARC21/slim http://www.loc.gov/standards/marcxml/schema/MARC21slim.xsd"
    xmlns="http://www.loc.gov/MARC21/slim">

  <leader>02388cam a2200349 i 4500</leader>
  <controlfield tag="001">19263377</controlfield>
  <controlfield tag="005">20250417095647.0</controlfield>
  <controlfield tag="008">160907s2017    enk      b    001 0 eng  </controlfield>
  <datafield tag="010" ind1=" " ind2=" ">
    <subfield code="a">  2016953192</subfield>
  </datafield>
  <datafield tag="020" ind1=" " ind2=" ">
    <subfield code="a">9780198739630 (hbk.)</subfield>
  </datafield>
  <datafield tag="020" ind1=" " ind2=" ">
    <subfield code="a">9780198724315 (pbk.)</subfield>
  </datafield>
  <datafield tag="040" ind1=" " ind2=" ">
    <subfield code="a">DLC</subfield>
    <subfield code="b">eng</subfield>
    <subfield code="e">rda</subfield>
    <subfield code="c">DLC</subfield>
  </datafield>
  <datafield tag="042" ind1=" " ind2=" ">
    <subfield code="a">pcc</subfield>
  </datafield>
  <datafield tag="050" ind1="0" ind2="0">
    <subfield code="a">K1315</subfield>
    <subfield code="b">.A53 2017</subfield>
  </datafield>
  <datafield tag="082" ind1=" " ind2=" ">
    <subfield code="a">346.066</subfield>
    <subfield code="b">KRA</subfield>
  </datafield>
  <datafield tag="100" ind1="1" ind2=" ">
    <subfield code="a">Kraakman, Reinier H.,</subfield>
    <subfield code="e">author.</subfield>
    <subfield code="9">128770</subfield>
  </datafield>
  <datafield tag="245" ind1="1" ind2="4">
    <subfield code="a">The anatomy of corporate law :</subfield>
    <subfield code="b">a comparative and functional approach /</subfield>
    <subfield code="c">Reinier Kraakman, [and 10 others] ; with contributions from Sofie Cools and Gen Goto.</subfield>
  </datafield>
  <datafield tag="250" ind1=" " ind2=" ">
    <subfield code="a">Third edition.</subfield>
  </datafield>
  <datafield tag="264" ind1=" " ind2="1">
    <subfield code="a">Oxford, United Kingdom :</subfield>
    <subfield code="b">Oxford University Press,</subfield>
    <subfield code="c">2017.</subfield>
  </datafield>
  <datafield tag="300" ind1=" " ind2=" ">
    <subfield code="a">xvii, 281 pages ;</subfield>
    <subfield code="c">24 cm</subfield>
  </datafield>
  <datafield tag="336" ind1=" " ind2=" ">
    <subfield code="a">text</subfield>
    <subfield code="b">txt</subfield>
    <subfield code="2">rdacontent</subfield>
  </datafield>
  <datafield tag="337" ind1=" " ind2=" ">
    <subfield code="a">unmediated</subfield>
    <subfield code="b">n</subfield>
    <subfield code="2">rdamedia</subfield>
  </datafield>
  <datafield tag="338" ind1=" " ind2=" ">
    <subfield code="a">volume</subfield>
    <subfield code="b">nc</subfield>
    <subfield code="2">rdacarrier</subfield>
  </datafield>
  <datafield tag="504" ind1=" " ind2=" ">
    <subfield code="a">Includes bibliographical references and index.</subfield>
  </datafield>
  <datafield tag="505" ind1="0" ind2=" ">
    <subfield code="a">What is corporate law? / John Armour, Henry Hansmann, Reinier Kraakman, and Mariana Pargendler -- Agency problems and legal strategies / John Armour, Henry Hansmann, and Reinier Kraakman -- The basic governance structure : the interests of shareholders as a class / John Armour, Luca Enriques, Henry Hansmann, Reinier Kraakman -- The basic governance structure : minority shareholders and non-shareholder constituencies / Luca Enriques, Henry Hansmann, Reinier Kraakman, and Mariana Pargendler -- Transactions with creditors / John Armour, Gerard Hertig, and Hideki Kanda -- Related-party transactions / Luca Enriques, Gerard Hertig, Hideki Kanda, and Mariana Pargendler -- Fundamental changes / Edward Rock, Paul Davies, Hideki Kanda, Reinier Kraakman, and  Wolf-Georg Ringe -- Control transactions / Paul Davies, Klaus Hopt, and Wolf-Georg Ringe -- Corporate law and securities markets / Luca Enriques, Gerard Hertig, Reinier Kraakman, and Edward Rock -- Beyond the anatomy / John Armour, Luca Enriques, Mariana Pargendler, and Wolf-Georg Ringe.</subfield>
  </datafield>
  <datafield tag="650" ind1=" " ind2="0">
    <subfield code="a">Corporation law.</subfield>
    <subfield code="9">55113</subfield>
  </datafield>
  <datafield tag="775" ind1="0" ind2="8">
    <subfield code="i">Revision of:</subfield>
    <subfield code="t">Anatomy of corporate law</subfield>
    <subfield code="b">2nd ed.</subfield>
    <subfield code="d">Oxford ; New York : Oxford University Press, 2009</subfield>
  </datafield>
  <datafield tag="906" ind1=" " ind2=" ">
    <subfield code="a">7</subfield>
    <subfield code="b">cbc</subfield>
    <subfield code="c">origcop</subfield>
    <subfield code="d">2</subfield>
    <subfield code="e">epcn</subfield>
    <subfield code="f">20</subfield>
    <subfield code="g">y-gencatlg</subfield>
  </datafield>
  <datafield tag="942" ind1=" " ind2=" ">
    <subfield code="2">ddc</subfield>
    <subfield code="c">BK</subfield>
  </datafield>
  <datafield tag="999" ind1=" " ind2=" ">
    <subfield code="c">613630</subfield>
    <subfield code="d">613630</subfield>
  </datafield>
  <datafield tag="952" ind1=" " ind2=" ">
    <subfield code="0">0</subfield>
    <subfield code="1">0</subfield>
    <subfield code="2">ddc</subfield>
    <subfield code="4">0</subfield>
    <subfield code="7">0</subfield>
    <subfield code="a">NLS</subfield>
    <subfield code="b">NLS</subfield>
    <subfield code="d">2025-04-17</subfield>
    <subfield code="l">0</subfield>
    <subfield code="o">346.066 KRA</subfield>
    <subfield code="p">NLS-1691</subfield>
    <subfield code="r">2025-04-17</subfield>
    <subfield code="w">2025-04-17</subfield>
    <subfield code="y">BK</subfield>
  </datafield>
</record>
